[Event "Charlotte CCCSA Summer GM-A"]
[Site "Charlotte"]
[Date "2022.07.28"]
[Round "7"]
[White "Turgut, Aydin"]
[Black "Becerra Rivero, Julio"]
[Result "1/2-1/2"]
[WhiteElo "2360"]
[BlackElo "2465"]
[PlyCount "105"]
[EventDate "2022.07.24"]
[EventType "tourn"]
[EventRounds "9"]
[EventCountry "USA"]
[EventCategory "7"]
[SourceTitle "CBM 209 Extra"]
[Source "ChessBase"]
[SourceDate "2022.09.30"]
[SourceVersion "1"]
[SourceVersionDate "2022.09.30"]
[SourceQuality "1"]

1. e4 e5 2. Nf3 Nc6 3. Bc4 Nf6 4. Ng5 d5 5. exd5 Na5 6. Bb5+ c6 7. dxc6 bxc6 8. Bd3 Nd5 9. Nf3 Bd6 10. 0-0 Nf4 11. Re1 Nxd3 12. cxd3 0-0 13. Nc3 c5 14. Ne4 Nc6 15. b3 Bg4 16. h3 Bh5 17. Bb2 Re8 18. Rc1 Nb4 19. g4 Bg6 20. Nxd6 Qxd6 21. Nxe5 f6 22. a3 Na2 23. Ra1 fxe5 24. Rxa2 Bxd3 25. Qf3 e4 26. Qg3 Qxg3+ 27. fxg3 Rab8 28. b4 cxb4 29. axb4 Rxb4 30. Bc3 Rb7 31. Bd4 a6 32. Rc1 Rd8 33. Be3 Rdb8 34. Ra4 Rb1 35. Rxb1 Rxb1+ 36. Kg2 Kf7 37. h4 Ke6 38. h5 Rb8 39. Ra5 Bb5 40. Ra3 Rc8 41. g5 Rc1 42. g4 g6 43. Kg3 Kd5 44. Ra2 Rc8 45. Ra1 Rc7 46. Kf4 Rf7+ 47. Kg3 Rf1 48. Rxf1 Bxf1 49. Bb6 Bb5 50. Kf4 Be2 51. h6 Bb5 52. Bd8 Bd7 53. Bc7 1/2-1/2

[Event "World op 49th"]
[Site "Philadelphia"]
[Date "2021.07.05"]
[Round "8"]
[White "Mahajan, Rushaan"]
[Black "Turgut, Aydin"]
[Result "0-1"]
[WhiteElo "2151"]
[BlackElo "2275"]
[PlyCount "71"]
[EventDate "2021.07.01"]
[EventType "swiss"]
[EventRounds "9"]
[EventCountry "USA"]
[SourceTitle "EXT 2022"]
[Source "ChessBase"]
[SourceDate "2021.10.06"]
[SourceVersion "1"]
[SourceVersionDate "2021.10.06"]
[SourceQuality "1"]

1. Nf3 d5 2. g3 Nf6 3. Bg2 e6 4. c4 dxc4 5. Qa4+ Nbd7 6. Qxc4 a6 7. Qc2 c5 8. Nc3 Qc7 9. 0-0 b6 10. d4 Bb7 11. Bf4 Bd6 12. Bxd6 Qxd6 13. Rfd1 0-0 14. e4 Qc7 15. e5 cxd4 16. exf6 dxc3 17. fxg7 Rfc8 18. Rac1 Nf6 19. Qb3 Bd5 20. Qa4 Qb7 21. Qf4 Ne4 22. bxc3 Nxc3 23. Re1 Rc4 24. Qe3 Rac8 25. Kf1 Re4 26. Qd2 Bc4+ 27. Kg1 Ne2+ 28. Rxe2 Rxe2 29. Qh6 Bd5 30. Rxc8+ Qxc8 31. Ng5 Re1+ 32. Bf1 Qc2 33. Qh5 Rxf1+ 34. Kxf1 Qc1+ 35. Ke2 Bc4+ 36. Kf3 0-1

[Event "Titled Tuesday intern op 15th June"]
[Site "Chess.com INT"]
[Date "2021.06.15"]
[Round "7"]
[White "Kislov, Oleg"]
[Black "Turgut, Aydin"]
[Result "0-1"]
[WhiteElo "2249"]
[BlackElo "2269"]
[PlyCount "54"]
[EventDate "2021.06.15"]
[EventType "swiss (blitz)"]
[EventRounds "11"]
[EventCountry "USA"]
[SourceTitle "CBM 203 Extra"]
[Source "ChessBase"]
[SourceDate "2021.09.30"]
[SourceVersion "1"]
[SourceVersionDate "2021.09.30"]
[SourceQuality "1"]

1. e4 e5 2. Nf3 Nc6 3. d4 exd4 4. Nxd4 Nf6 5. Nc3 Nxe4 6. Nxe4 Qe7 7. Nxc6 Qxe4+ 8. Be2 dxc6 9. 0-0 Be6 10. Bf3 Qg6 11. Bf4 Rd8 12. Qe1 Bd6 13. Bxd6 cxd6 14. Qa5 Qxc2 15. Qxa7 0-0 16. Qxb7 c5 17. Rfc1 Qa4 18. Qe4 Qa5 19. a3 Rb8 20. Rc2 g6 21. Qd3 Rb6 22. Bd5 Bf5 23. Be4 Bd7 24. Rd2 Rfb8 25. h3 Be6 26. Rad1 Qa4 27. Qc3 Qxe4 0-1

[Event "Titled Tuesday intern op 15th June"]
[Site "Chess.com INT"]
[Date "2021.06.15"]
[Round "3"]
[White "Turgut, Aydin"]
[Black "Niemann, Hans Moke"]
[Result "0-1"]
[WhiteElo "2269"]
[BlackElo "2567"]
[PlyCount "46"]
[EventDate "2021.06.15"]
[EventType "swiss (blitz)"]
[EventRounds "11"]
[EventCountry "USA"]
[SourceTitle "CBM 203 Extra"]
[Source "ChessBase"]
[SourceDate "2021.09.30"]
[SourceVersion "1"]
[SourceVersionDate "2021.09.30"]
[SourceQuality "1"]

1. e4 e5 2. Nf3 Nc6 3. Bc4 Nf6 4. d3 h6 5. 0-0 d6 6. c3 g5 7. Re1 g4 8. Nfd2 h5 9. Nf1 h4 10. Bg5 Be7 11. Ne3 g3 12. fxg3 hxg3 13. hxg3 Nh5 14. Qf3 Be6 15. Rf1 Bxg5 16. Nf5 Bxf5 17. Qxf5 Be3+ 18. Rf2 Bxf2+ 19. Qxf2 Qf6 20. Qe3 Qh6 21. Qf3 Qc1+ 22. Kf2 Qxb2+ 23. Ke3 0-0-0 0-1